000 nam a22 a 4500
999 _c1458
_d1458
005 20170509154413.0
008 170509b1983 -us||||| |||| 00| 0 eng d
020 _a0534012426 :
_c$20.95
040 _aAKMAL
082 0 4 _a305.235 ADA
090 _a305.235
_bADA
100 _aAdams, Gerald R
_d-1946
_92885
245 1 0 _aAdolescent life experiences
_cGerald R. Adams, Thomas Gullotta.
260 _aMonterey, Calif. :
_bBrooks/Cole Pub. Co
_cc1983
300 _axviii, 554 p. :
_bill. ;
_c24cm
500 _aIncludes index
504 _aBibliography: p. 509-539
599 _aDALAM PROSES
650 0 _aAdolescence.
_92822
650 0 _aAdolescent psychology
_zUnited States
_92886
700 1 _aGullotta, Thomas P.
_d1948-
_92887
852 4 1 _a British Library
_bDSC
942 _2ddc
_cBOOK